000 00660nam a2200217 a 4500
005 20210219160209.0
008 080924s1973 mx r 000 0 spa d
020 _a8430910506
020 _a9233021939 (UNESCO)
035 _aUPN01000160688
049 _aUNE
080 _a342.7 (100) DER.
245 0 3 _aEl derecho de ser hombre /
_cantología preparada bajo la dirección de Jeanne Hersch ;tr. Gonzalo Arias.
260 _aMadrid :
_bTecnos ;
_aParís :
_bUNESCO,
_c1973.
300 _a600 p.
500 _aIncluye bibliografía
690 _aDerechos humanos - Antologías
700 1 _aArias, Gonzalo,
_edir.
710 2 _aUNESCO
905 _aUNESCO
999 _c132801
_d132801